[Event "8th Vellmar Chess Days"]
[Site "chess24.com"]
[Date "2016.07.31"]
[Round "6"]
[White "Hansen, Jeppe"]
[Black "Mueller, Mark"]
[Result "0-1"]
[Board "37"]
[WhiteElo "1759"]
[WhiteTeam "Sydøstlolland Skakklub"]
[WhiteCountry "DEN"]
[WhiteFideId "1437640"]
[WhiteEloChange "-5"]
[BlackElo "1932"]
[BlackTeam "SC Diez"]
[BlackCountry "GER"]
[BlackFideId "12997218"]
[BlackEloChange "5"]

1. d4 {[%clk 1:30:30]} Nf6 {[%clk 1:30:30]} 2. c4 {[%clk 1:30:30]} c5 {[%clk
1:30:30]} 3. d5 {[%clk 1:30:30]} b5 {[%clk 1:30:30]} 4. cxb5 {[%clk 1:30:30]} a6
{[%clk 1:30:30]} 5. bxa6 {[%clk 1:30:30]} g6 {[%clk 1:30:30]} 6. Nc3 {[%clk
1:30:30]} Bxa6 {[%clk 1:30:30]} 7. Nf3 {[%clk 1:30:30]} Bg7 {[%clk 1:30:30]} 8.
g3 {[%clk 1:30:30]} O-O {[%clk 1:30:30]} 9. Bg2 {[%clk 1:30:30]} d6 {[%clk
1:30:30]} 10. O-O {[%clk 1:30:30]} Nbd7 {[%clk 1:30:30]} 11. Rb1 {[%clk 1:30:30]}
Nb6 {[%clk 1:30:30]} 12. b3 {[%clk 1:30:30]} Ne8 {[%clk 1:30:30]} 13. Bd2 {[%clk
1:30:30]} Nc7 {[%clk 1:30:30]} 14. Ng5 {[%clk 1:30:30]} Bb7 {[%clk 1:30:30]} 15.
a4 {[%clk 1:30:30]} Nbxd5 {[%clk 1:30:30]} 16. Nxd5 {[%clk 1:30:30]} Bxd5 {[%clk
1:30:30]} 17. e4 {[%clk 1:30:30]} Bc6 {[%clk 1:30:30]} 18. h4 {[%clk 1:30:30]} h6
{[%clk 1:30:30]} 19. Nh3 {[%clk 1:30:30]} Ne6 {[%clk 1:30:30]} 20. Qc1 {[%clk
1:30:30]} Kh7 {[%clk 1:30:30]} 21. Re1 {[%clk 1:30:30]} Qc7 {[%clk 1:30:30]} 22.
Bc3 {[%clk 1:30:30]} Bxc3 {[%clk 1:30:30]} 23. Qxc3 {[%clk 1:30:30]} Rfb8 {[%clk
1:30:30]} 24. f4 {[%clk 1:30:30]} Nd4 {[%clk 1:30:30]} 25. h5 {[%clk 1:30:30]}
Rxa4 {[%clk 1:30:30]} 26. hxg6+ {[%clk 1:30:30]} fxg6 {[%clk 1:30:30]} 27. e5
{[%clk 1:30:30]} Ra2 {[%clk 1:30:30]} 28. Nf2 {[%clk 1:30:30]} Ne2+ {[%clk
1:30:30]} 29. Rxe2 {[%clk 1:30:30]} Rxe2 {[%clk 1:30:30]} 30. Qc4 {[%clk
1:30:30]} Rxf2 {[%clk 1:30:30]} 31. Kxf2 {[%clk 1:30:30]} Kg7 {[%clk 1:30:30]}
32. e6 {[%clk 1:30:30]} Bxg2 {[%clk 1:30:30]} 33. Qc3+ {[%clk 1:30:30]} Kh7
{[%clk 1:30:30]} 34. Kxg2 {[%clk 1:30:30]} Qc6+ {[%clk 1:30:30]} 35. Kh3 {[%clk
1:30:30]} Qd5 {[%clk 1:30:30]} 36. Qe3 {[%clk 1:30:30]} Qf5+ {[%clk 1:30:30]} 0-1

[Event "8th Vellmar Chess Days"]
[Site "chess24.com"]
[Date "2016.07.31"]
[Round "6"]
[White "Boerma, Daniel"]
[Black "Lukas, Anne"]
[Result "1-0"]
[Board "38"]
[WhiteElo "1926"]
[WhiteTeam "SC Papenburg"]
[WhiteCountry "GER"]
[WhiteFideId "12965715"]
[WhiteEloChange "7"]
[BlackElo "1821"]
[BlackTeam "SK Gernsheim"]
[BlackCountry "GER"]
[BlackFideId "12945064"]
[BlackEloChange "-7"]

1. d4 {[%clk 1:30:30]} Nf6 {[%clk 1:30:30]} 2. c4 {[%clk 1:30:30]} c5 {[%clk
1:30:30]} 3. d5 {[%clk 1:30:30]} b5 {[%clk 1:30:30]} 4. cxb5 {[%clk 1:30:30]} a6
{[%clk 1:30:30]} 5. e3 {[%clk 1:30:30]} axb5 {[%clk 1:30:30]} 6. Bxb5 {[%clk
1:30:30]} Qa5+ {[%clk 1:30:30]} 7. Nc3 {[%clk 1:30:30]} Ba6 {[%clk 1:30:30]} 8.
Bxa6 {[%clk 1:30:30]} Qxa6 {[%clk 1:30:30]} 9. Nge2 {[%clk 1:30:30]} g6 {[%clk
1:30:30]} 10. O-O {[%clk 1:30:30]} Bg7 {[%clk 1:30:30]} 11. e4 {[%clk 1:30:30]}
d6 {[%clk 1:30:30]} 12. h3 {[%clk 1:30:30]} O-O {[%clk 1:30:30]} 13. Be3 {[%clk
1:30:30]} Nbd7 {[%clk 1:30:30]} 14. Qd2 {[%clk 1:30:30]} Rfb8 {[%clk 1:30:30]}
15. Rab1 {[%clk 1:30:30]} Ne5 {[%clk 1:30:30]} 16. b3 {[%clk 1:30:30]} Rb7 {[%clk
1:30:30]} 17. Rfd1 {[%clk 1:30:30]} Ne8 {[%clk 1:30:30]} 18. f4 {[%clk 1:30:30]}
Nd7 {[%clk 1:30:30]} 19. Qc2 {[%clk 1:30:30]} Nc7 {[%clk 1:30:30]} 20. a4 {[%clk
1:30:30]} Rab8 {[%clk 1:30:30]} 21. Na2 {[%clk 1:30:30]} Nb6 {[%clk 1:30:30]} 22.
Nec3 {[%clk 1:30:30]} Qa5 {[%clk 1:30:30]} 23. Bf2 {[%clk 1:30:30]} Nd7 {[%clk
1:30:30]} 24. Be1 {[%clk 1:30:30]} Qa6 {[%clk 1:30:30]} 25. Ne2 {[%clk 1:30:30]}
Nf6 {[%clk 1:30:30]} 26. b4 {[%clk 1:30:30]} Ra8 {[%clk 1:30:30]} 27. bxc5 {[%clk
1:30:30]} Rxb1 {[%clk 1:30:30]} 28. Rxb1 {[%clk 1:30:30]} dxc5 {[%clk 1:30:30]}
29. Nac3 {[%clk 1:30:30]} Qc4 {[%clk 1:30:30]} 30. Qb3 {[%clk 1:30:30]} Qd3
{[%clk 1:30:30]} 31. Rd1 {[%clk 1:30:30]} Qa6 {[%clk 1:30:30]} 32. Rd2 {[%clk
1:30:30]} Nd7 {[%clk 1:30:30]} 33. Bf2 {[%clk 1:30:30]} Rb8 {[%clk 1:30:30]} 34.
Qd1 {[%clk 1:30:30]} Ne8 {[%clk 1:30:30]} 35. e5 {[%clk 1:30:30]} Qc4 {[%clk
1:30:30]} 36. Nb5 {[%clk 1:30:30]} Bh6 {[%clk 1:30:30]} 37. Qc2 {[%clk 1:30:30]}
Qb4 {[%clk 1:30:30]} 38. e6 {[%clk 1:30:30]} Ndf6 {[%clk 1:30:30]} 39. Bxc5
{[%clk 1:30:30]} 1-0

[Event "8th Vellmar Chess Days"]
[Site "chess24.com"]
[Date "2016.07.31"]
[Round "6"]
[White "Hommer, Jeremy"]
[Black "Schnegelberger, Leon"]
[Result "1-0"]
[Board "39"]
[WhiteElo "1813"]
[WhiteTeam "SC Lüneburg"]
[WhiteCountry "GER"]
[WhiteFideId "12992577"]
[WhiteEloChange "13"]
[BlackElo "1924"]
[BlackTeam "Kasseler SK"]
[BlackCountry "GER"]
[BlackFideId "16211871"]
[BlackEloChange "-13"]

1. d4 {[%clk 1:30:30]} Nf6 {[%clk 1:30:30]} 2. Nf3 {[%clk 1:30:30]} e6 {[%clk
1:30:30]} 3. Bf4 {[%clk 1:30:30]} d5 {[%clk 1:30:30]} 4. e3 {[%clk 1:30:30]} Bd6
{[%clk 1:30:30]} 5. Ne5 {[%clk 1:30:30]} Nbd7 {[%clk 1:30:30]} 6. Nd2 {[%clk
1:30:30]} O-O {[%clk 1:30:30]} 7. Bd3 {[%clk 1:30:30]} c5 {[%clk 1:30:30]} 8. c3
{[%clk 1:30:30]} Qc7 {[%clk 1:30:30]} 9. Ndf3 {[%clk 1:30:30]} b6 {[%clk
1:30:30]} 10. O-O {[%clk 1:30:30]} Bb7 {[%clk 1:30:30]} 11. Qe2 {[%clk 1:30:30]}
c4 {[%clk 1:30:30]} 12. Bc2 {[%clk 1:30:30]} b5 {[%clk 1:30:30]} 13. Kh1 {[%clk
1:30:30]} Ne8 {[%clk 1:30:30]} 14. g4 {[%clk 1:30:30]} f6 {[%clk 1:30:30]} 15.
Nxd7 {[%clk 1:30:30]} Qxd7 {[%clk 1:30:30]} 16. g5 {[%clk 1:30:30]} Kh8 {[%clk
1:30:30]} 17. Nh4 {[%clk 1:30:30]} f5 {[%clk 1:30:30]} 18. Qh5 {[%clk 1:30:30]}
Kg8 {[%clk 1:30:30]} 19. Rg1 {[%clk 1:30:30]} g6 {[%clk 1:30:30]} 20. Qe2 {[%clk
1:30:30]} Qc7 {[%clk 1:30:30]} 21. Bxd6 {[%clk 1:30:30]} Nxd6 {[%clk 1:30:30]}
22. f4 {[%clk 1:30:30]} a5 {[%clk 1:30:30]} 23. Nf3 {[%clk 1:30:30]} Bc6 {[%clk
1:30:30]} 24. h4 {[%clk 1:30:30]} Kg7 {[%clk 1:30:30]} 25. Rg3 {[%clk 1:30:30]}
Rh8 {[%clk 1:30:30]} 26. Rh3 {[%clk 1:30:30]} h5 {[%clk 1:30:30]} 27. gxh6+
{[%clk 1:30:30]} Rxh6 {[%clk 1:30:30]} 28. Qg2 {[%clk 1:30:30]} Qe7 {[%clk
1:30:30]} 29. Kg1 {[%clk 1:30:30]} Rah8 {[%clk 1:30:30]} 30. Qh2 {[%clk 1:30:30]}
Ne4 {[%clk 1:30:30]} 31. Bxe4 {[%clk 1:30:30]} dxe4 {[%clk 1:30:30]} 32. Ng5
{[%clk 1:30:30]} b4 {[%clk 1:30:30]} 33. Rc1 {[%clk 1:30:30]} Bd5 {[%clk
1:30:30]} 34. Qg3 {[%clk 1:30:30]} bxc3 {[%clk 1:30:30]} 35. Rxc3 {[%clk
1:30:30]} Qb4 {[%clk 1:30:30]} 36. Rh2 {[%clk 1:30:30]} Qa4 {[%clk 1:30:30]} 37.
Qe1 {[%clk 1:30:30]} Kf6 {[%clk 1:30:30]} 38. Ra3 {[%clk 1:30:30]} Qb4 {[%clk
1:30:30]} 39. Qxb4 {[%clk 1:30:30]} axb4 {[%clk 1:30:30]} 40. Ra7 {[%clk
1:30:30]} Rf8 {[%clk 1:30:30]} 41. Nh7+ {[%clk 1:30:30]} Rxh7 {[%clk 1:30:30]}
42. Rxh7 {[%clk 1:30:30]} Ra8 {[%clk 1:30:30]} 43. h5 {[%clk 1:30:30]} gxh5
{[%clk 1:30:30]} 44. R2xh5 {[%clk 1:30:30]} Rg8+ {[%clk 1:30:30]} 45. Kf2 {[%clk
1:30:30]} b3 {[%clk 1:30:30]} 46. axb3 {[%clk 1:30:30]} cxb3 {[%clk 1:30:30]} 47.
R5h6+ {[%clk 1:30:30]} Rg6 {[%clk 1:30:30]} 48. Rxg6+ {[%clk 1:30:30]} Kxg6
{[%clk 1:30:30]} 49. Rh2 {[%clk 1:30:30]} Kf6 {[%clk 1:30:30]} 50. Ke2 {[%clk
1:30:30]} Ke7 {[%clk 1:30:30]} 51. Kd2 {[%clk 1:30:30]} Kd6 {[%clk 1:30:30]} 52.
Kc3 {[%clk 1:30:30]} Kc6 {[%clk 1:30:30]} 53. Kb4 {[%clk 1:30:30]} Kd6 {[%clk
1:30:30]} 54. Rh1 {[%clk 1:30:30]} Kc6 {[%clk 1:30:30]} 55. Rc1+ {[%clk 1:30:30]}
1-0

[Event "8th Vellmar Chess Days"]
[Site "chess24.com"]
[Date "2016.07.31"]
[Round "6"]
[White "Koronowski, Heinz-Juergen"]
[Black "Kluempen, Andreas"]
[Result "1/2-1/2"]
[Board "40"]
[WhiteElo "1730"]
[WhiteTeam "SK Wildeshausen"]
[WhiteCountry "GER"]
[WhiteFideId "12943762"]
[WhiteEloChange "5"]
[BlackElo "1917"]
[BlackTeam "SG Ennepe-Ruhr-Süd"]
[BlackCountry "GER"]
[BlackFideId "16226305"]
[BlackEloChange "-5"]

1. e4 {[%clk 1:30:30]} c5 {[%clk 1:30:30]} 2. Nc3 {[%clk 1:30:30]} d6 {[%clk
1:30:30]} 3. f4 {[%clk 1:30:30]} Nf6 {[%clk 1:30:30]} 4. Nf3 {[%clk 1:30:30]} Nc6
{[%clk 1:30:30]} 5. Bc4 {[%clk 1:30:30]} g6 {[%clk 1:30:30]} 6. O-O {[%clk
1:30:30]} Bg7 {[%clk 1:30:30]} 7. d3 {[%clk 1:30:30]} O-O {[%clk 1:30:30]} 8. a3
{[%clk 1:30:30]} Bg4 {[%clk 1:30:30]} 9. h3 {[%clk 1:30:30]} Bxf3 {[%clk
1:30:30]} 10. Qxf3 {[%clk 1:30:30]} Nd4 {[%clk 1:30:30]} 11. Qf2 {[%clk 1:30:30]}
Nd7 {[%clk 1:30:30]} 12. Be3 {[%clk 1:30:30]} e6 {[%clk 1:30:30]} 13. Nd1 {[%clk
1:30:30]} Kh8 {[%clk 1:30:30]} 14. c3 {[%clk 1:30:30]} Nc6 {[%clk 1:30:30]} 15.
Ba2 {[%clk 1:30:30]} Qe7 {[%clk 1:30:30]} 16. Qe1 {[%clk 1:30:30]} Rad8 {[%clk
1:30:30]} 17. Bf2 {[%clk 1:30:30]} a6 {[%clk 1:30:30]} 18. Ne3 {[%clk 1:30:30]}
b5 {[%clk 1:30:30]} 19. Bh4 {[%clk 1:30:30]} Bf6 {[%clk 1:30:30]} 20. Bxf6+
{[%clk 1:30:30]} Nxf6 {[%clk 1:30:30]} 21. Qh4 {[%clk 1:30:30]} Ng8 {[%clk
1:30:30]} 22. Qxe7 {[%clk 1:30:30]} Ngxe7 {[%clk 1:30:30]} 23. f5 {[%clk
1:30:30]} exf5 {[%clk 1:30:30]} 24. exf5 {[%clk 1:30:30]} f6 {[%clk 1:30:30]} 25.
fxg6 {[%clk 1:30:30]} hxg6 {[%clk 1:30:30]} 26. Nd5 {[%clk 1:30:30]} Nxd5 {[%clk
1:30:30]} 27. Bxd5 {[%clk 1:30:30]} Ne7 {[%clk 1:30:30]} 28. Bb7 {[%clk 1:30:30]}
a5 {[%clk 1:30:30]} 29. Rae1 {[%clk 1:30:30]} Rd7 {[%clk 1:30:30]} 30. Bf3 {[%clk
1:30:30]} Kg7 {[%clk 1:30:30]} 31. Rf2 {[%clk 1:30:30]} d5 {[%clk 1:30:30]} 32.
Rfe2 {[%clk 1:30:30]} Nc8 {[%clk 1:30:30]} 33. Kf2 {[%clk 1:30:30]} Rff7 {[%clk
1:30:30]} 1/2-1/2

[Event "8th Vellmar Chess Days"]
[Site "chess24.com"]
[Date "2016.07.31"]
[Round "6"]
[White "Flach, Helene"]
[Black "Krosenbrink, Marcel"]
[Result "1/2-1/2"]
[Board "41"]
[WhiteElo "1712"]
[WhiteTeam "SK Langen"]
[WhiteCountry "GER"]
[WhiteFideId "12929735"]
[WhiteEloChange "5"]
[BlackElo "1894"]
[BlackTeam "SF Stadtlohn"]
[BlackCountry "NED"]
[BlackFideId "1033271"]
[BlackEloChange "-5"]

1. e4 {[%clk 1:30:30]} c6 {[%clk 1:30:30]} 2. d4 {[%clk 1:30:30]} d5 {[%clk
1:30:30]} 3. Nc3 {[%clk 1:30:30]} dxe4 {[%clk 1:30:30]} 4. Nxe4 {[%clk 1:30:30]}
Nf6 {[%clk 1:30:30]} 5. Nxf6+ {[%clk 1:30:30]} gxf6 {[%clk 1:30:30]} 6. c3 {[%clk
1:30:30]} Bf5 {[%clk 1:30:30]} 7. Nf3 {[%clk 1:30:30]} Qc7 {[%clk 1:30:30]} 8. g3
{[%clk 1:30:30]} Nd7 {[%clk 1:30:30]} 9. Bg2 {[%clk 1:30:30]} O-O-O {[%clk
1:30:30]} 10. O-O {[%clk 1:30:30]} h5 {[%clk 1:30:30]} 11. Qe2 {[%clk 1:30:30]}
e5 {[%clk 1:30:30]} 12. Be3 {[%clk 1:30:30]} Kb8 {[%clk 1:30:30]} 13. b4 {[%clk
1:30:30]} Bg4 {[%clk 1:30:30]} 14. Qc2 {[%clk 1:30:30]} Nb6 {[%clk 1:30:30]} 15.
dxe5 {[%clk 1:30:30]} Bxf3 {[%clk 1:30:30]} 16. Bxf3 {[%clk 1:30:30]} fxe5 {[%clk
1:30:30]} 17. Bg5 {[%clk 1:30:30]} Be7 {[%clk 1:30:30]} 18. Bxe7 {[%clk 1:30:30]}
Qxe7 {[%clk 1:30:30]} 19. a4 {[%clk 1:30:30]} h4 {[%clk 1:30:30]} 20. Rfe1 {[%clk
1:30:30]} Qe6 {[%clk 1:30:30]} 21. Rad1 {[%clk 1:30:30]} hxg3 {[%clk 1:30:30]}
22. Rxd8+ {[%clk 1:30:30]} Rxd8 {[%clk 1:30:30]} 23. fxg3 {[%clk 1:30:30]} f5
{[%clk 1:30:30]} 24. Rd1 {[%clk 1:30:30]} Rxd1+ {[%clk 1:30:30]} 1/2-1/2

[Event "8th Vellmar Chess Days"]
[Site "chess24.com"]
[Date "2016.07.31"]
[Round "6"]
[White "Wuestehube, Harry"]
[Black "Ziegenfuss, Antonia"]
[Result "1-0"]
[Board "42"]
[WhiteElo "1888"]
[WhiteTeam "Kasseler SK"]
[WhiteCountry "GER"]
[WhiteFideId "24614084"]
[WhiteEloChange "6"]
[BlackElo "1728"]
[BlackTeam "OSG Baden-Baden"]
[BlackCountry "GER"]
[BlackFideId "12962554"]
[BlackEloChange "-6"]

1. e4 {[%clk 1:30:30]} e5 {[%clk 1:30:30]} 2. Nf3 {[%clk 1:30:30]} Nc6 {[%clk
1:30:30]} 3. Bb5 {[%clk 1:30:30]} a6 {[%clk 1:30:30]} 4. Bxc6 {[%clk 1:30:30]}
dxc6 {[%clk 1:30:30]} 5. O-O {[%clk 1:30:30]} Ne7 {[%clk 1:30:30]} 6. Nxe5 {[%clk
1:30:30]} Qd4 {[%clk 1:30:30]} 7. Qh5 {[%clk 1:30:30]} g6 {[%clk 1:30:30]} 8. Nf3
{[%clk 1:30:30]} Qxe4 {[%clk 1:30:30]} 9. Qa5 {[%clk 1:30:30]} Bg4 {[%clk
1:30:30]} 10. d3 {[%clk 1:30:30]} Qd5 {[%clk 1:30:30]} 11. Qxc7 {[%clk 1:30:30]}
Bxf3 {[%clk 1:30:30]} 12. gxf3 {[%clk 1:30:30]} Qxf3 {[%clk 1:30:30]} 13. Re1
{[%clk 1:30:30]} Qg4+ {[%clk 1:30:30]} 14. Qg3 {[%clk 1:30:30]} Qxg3+ {[%clk
1:30:30]} 15. hxg3 {[%clk 1:30:30]} O-O-O {[%clk 1:30:30]} 16. Bg5 {[%clk
1:30:30]} h6 {[%clk 1:30:30]} 17. Bf6 {[%clk 1:30:30]} Rg8 {[%clk 1:30:30]} 18.
Rxe7 {[%clk 1:30:30]} Bxe7 {[%clk 1:30:30]} 19. Bxe7 {[%clk 1:30:30]} Rde8 {[%clk
1:30:30]} 20. Bb4 {[%clk 1:30:30]} Re2 {[%clk 1:30:30]} 21. Na3 {[%clk 1:30:30]}
Rge8 {[%clk 1:30:30]} 22. Kf1 {[%clk 1:30:30]} h5 {[%clk 1:30:30]} 23. Re1 {[%clk
1:30:30]} Rxe1+ {[%clk 1:30:30]} 24. Bxe1 {[%clk 1:30:30]} b5 {[%clk 1:30:30]}
25. Bd2 {[%clk 1:30:30]} Rg8 {[%clk 1:30:30]} 26. Bg5 {[%clk 1:30:30]} Kd7 {[%clk
1:30:30]} 27. Nb1 {[%clk 1:30:30]} Ke6 {[%clk 1:30:30]} 28. Nd2 {[%clk 1:30:30]}
c5 {[%clk 1:30:30]} 29. Be3 {[%clk 1:30:30]} Rc8 {[%clk 1:30:30]} 30. b3 {[%clk
1:30:30]} f5 {[%clk 1:30:30]} 31. Ke2 {[%clk 1:30:30]} b4 {[%clk 1:30:30]} 32.
Kf3 {[%clk 1:30:30]} Kf6 {[%clk 1:30:30]} 33. Nc4 {[%clk 1:30:30]} Rc6 {[%clk
1:30:30]} 34. Nb2 {[%clk 1:30:30]} Rc7 {[%clk 1:30:30]} 35. Na4 {[%clk 1:30:30]}
g5 {[%clk 1:30:30]} 36. Bxc5 {[%clk 1:30:30]} a5 {[%clk 1:30:30]} 37. d4 {[%clk
1:30:30]} Ke6 {[%clk 1:30:30]} 38. Nb6 {[%clk 1:30:30]} Kf7 {[%clk 1:30:30]} 39.
Nc4 {[%clk 1:30:30]} Ke6 {[%clk 1:30:30]} 40. Nxa5 {[%clk 1:30:30]} f4 {[%clk
1:30:30]} 41. Nc4 {[%clk 1:30:30]} fxg3 {[%clk 1:30:30]} 42. fxg3 {[%clk
1:30:30]} Kd5 {[%clk 1:30:30]} 43. Ne3+ {[%clk 1:30:30]} Ke6 {[%clk 1:30:30]} 44.
Bxb4 {[%clk 1:30:30]} 1-0

[Event "8th Vellmar Chess Days"]
[Site "chess24.com"]
[Date "2016.07.31"]
[Round "6"]
[White "Freier, Werner, Dr."]
[Black "Mueller, Tobias"]
[Result "1/2-1/2"]
[Board "43"]
[WhiteElo "1886"]
[WhiteTeam "Hildesheimer SV"]
[WhiteCountry "GER"]
[WhiteFideId "12932558"]
[WhiteEloChange "-5"]
[BlackElo "1672"]
[BlackTeam "SK Gernsheim"]
[BlackCountry "GER"]
[BlackFideId "12947334"]
[BlackEloChange "5"]

1. e4 {[%clk 1:30:30]} e5 {[%clk 1:30:30]} 2. Nf3 {[%clk 1:30:30]} Nc6 {[%clk
1:30:30]} 3. Bb5 {[%clk 1:30:30]} g6 {[%clk 1:30:30]} 4. Nc3 {[%clk 1:30:30]} Bg7
{[%clk 1:30:30]} 5. O-O {[%clk 1:30:30]} Nge7 {[%clk 1:30:30]} 6. a3 {[%clk
1:30:30]} O-O {[%clk 1:30:30]} 7. Bc4 {[%clk 1:30:30]} h6 {[%clk 1:30:30]} 8. d3
{[%clk 1:30:30]} Kh7 {[%clk 1:30:30]} 9. Ne1 {[%clk 1:30:30]} d6 {[%clk 1:30:30]}
10. f4 {[%clk 1:30:30]} exf4 {[%clk 1:30:30]} 11. Bxf4 {[%clk 1:30:30]} f5 {[%clk
1:30:30]} 12. exf5 {[%clk 1:30:30]} Nxf5 {[%clk 1:30:30]} 13. Nf3 {[%clk
1:30:30]} Nfd4 {[%clk 1:30:30]} 14. Qd2 {[%clk 1:30:30]} Nxf3+ {[%clk 1:30:30]}
15. Rxf3 {[%clk 1:30:30]} Ne5 {[%clk 1:30:30]} 16. Bxe5 {[%clk 1:30:30]} Bxe5
{[%clk 1:30:30]} 17. Raf1 {[%clk 1:30:30]} 1/2-1/2

[Event "8th Vellmar Chess Days"]
[Site "chess24.com"]
[Date "2016.07.31"]
[Round "6"]
[White "Helmer, Jan"]
[Black "Wehr, Alexander"]
[Result "1/2-1/2"]
[Board "45"]
[WhiteElo "1799"]
[WhiteTeam "Hamelner SV"]
[WhiteCountry "GER"]
[WhiteFideId "12956686"]
[WhiteEloChange "3"]
[BlackElo "1911"]
[BlackTeam "SK Vellmar"]
[BlackCountry "GER"]
[BlackFideId "24628913"]
[BlackEloChange "-3"]

1. d4 {[%clk 1:30:30]} g6 {[%clk 1:30:30]} 2. Nf3 {[%clk 1:30:30]} Bg7 {[%clk
1:30:30]} 3. e4 {[%clk 1:30:30]} d6 {[%clk 1:30:30]} 4. Nc3 {[%clk 1:30:30]} Nd7
{[%clk 1:30:30]} 5. Be3 {[%clk 1:30:30]} c6 {[%clk 1:30:30]} 6. Qd2 {[%clk
1:30:30]} Ngf6 {[%clk 1:30:30]} 7. h4 {[%clk 1:30:30]} h5 {[%clk 1:30:30]} 8. Bd3
{[%clk 1:30:30]} Ng4 {[%clk 1:30:30]} 9. Bg5 {[%clk 1:30:30]} Qa5 {[%clk
1:30:30]} 10. Ne2 {[%clk 1:30:30]} Qb6 {[%clk 1:30:30]} 11. c3 {[%clk 1:30:30]}
e5 {[%clk 1:30:30]} 12. O-O {[%clk 1:30:30]} f6 {[%clk 1:30:30]} 13. Be3 {[%clk
1:30:30]} Nxe3 {[%clk 1:30:30]} 14. fxe3 {[%clk 1:30:30]} O-O {[%clk 1:30:30]}
15. b3 {[%clk 1:30:30]} Re8 {[%clk 1:30:30]} 16. Qe1 {[%clk 1:30:30]} Nf8 {[%clk
1:30:30]} 17. Qf2 {[%clk 1:30:30]} Be6 {[%clk 1:30:30]} 18. Nh2 {[%clk 1:30:30]}
a5 {[%clk 1:30:30]} 19. Qf3 {[%clk 1:30:30]} d5 {[%clk 1:30:30]} 20. exd5 {[%clk
1:30:30]} cxd5 {[%clk 1:30:30]} 21. Bc2 {[%clk 1:30:30]} Rac8 {[%clk 1:30:30]}
22. g4 {[%clk 1:30:30]} hxg4 {[%clk 1:30:30]} 23. Nxg4 {[%clk 1:30:30]} Bxg4
{[%clk 1:30:30]} 24. Qxg4 {[%clk 1:30:30]} f5 {[%clk 1:30:30]} 25. Qg2 {[%clk
1:30:30]} exd4 {[%clk 1:30:30]} 26. Qxd5+ {[%clk 1:30:30]} Qe6 {[%clk 1:30:30]}
27. Qxe6+ {[%clk 1:30:30]} Nxe6 {[%clk 1:30:30]} 28. h5 {[%clk 1:30:30]} dxe3
{[%clk 1:30:30]} 29. hxg6 {[%clk 1:30:30]} f4 {[%clk 1:30:30]} 30. Bf5 {[%clk
1:30:30]} Rc5 {[%clk 1:30:30]} 31. Bxe6+ {[%clk 1:30:30]} Rxe6 {[%clk 1:30:30]}
32. Nxf4 {[%clk 1:30:30]} Rg5+ {[%clk 1:30:30]} 33. Kh1 {[%clk 1:30:30]} Re4
{[%clk 1:30:30]} 34. Nh3 {[%clk 1:30:30]} Rh5 {[%clk 1:30:30]} 35. Rf3 {[%clk
1:30:30]} Bxc3 {[%clk 1:30:30]} 36. Rc1 {[%clk 1:30:30]} e2 {[%clk 1:30:30]} 37.
Rfxc3 {[%clk 1:30:30]} e1Q+ {[%clk 1:30:30]} 38. Rxe1 {[%clk 1:30:30]} Rxe1+
{[%clk 1:30:30]} 39. Kg2 {[%clk 1:30:30]} Re2+ {[%clk 1:30:30]} 40. Kg3 {[%clk
1:30:30]} Rhe5 {[%clk 1:30:30]} 41. Rc8+ {[%clk 1:30:30]} Re8 {[%clk 1:30:30]}
42. Rxe8+ {[%clk 1:30:30]} Rxe8 {[%clk 1:30:30]} 43. Nf4 {[%clk 1:30:30]} Re5
{[%clk 1:30:30]} 44. Kf3 {[%clk 1:30:30]} Kg7 {[%clk 1:30:30]} 45. a3 {[%clk
1:30:30]} Rb5 {[%clk 1:30:30]} 46. Ne6+ {[%clk 1:30:30]} Kxg6 {[%clk 1:30:30]}
47. Nd4 {[%clk 1:30:30]} Re5 {[%clk 1:30:30]} 48. b4 {[%clk 1:30:30]} axb4 {[%clk
1:30:30]} 49. axb4 {[%clk 1:30:30]} Kf6 {[%clk 1:30:30]} 50. Kf4 {[%clk 1:30:30]}
Re1 {[%clk 1:30:30]} 51. Nc2 {[%clk 1:30:30]} Rc1 {[%clk 1:30:30]} 52. Ne3 {[%clk
1:30:30]} Ke6 {[%clk 1:30:30]} 53. Ke4 {[%clk 1:30:30]} Kd6 {[%clk 1:30:30]} 54.
Nf5+ {[%clk 1:30:30]} Kc6 {[%clk 1:30:30]} 55. Nd4+ {[%clk 1:30:30]} Kb6 {[%clk
1:30:30]} 56. Kd5 {[%clk 1:30:30]} Rc8 {[%clk 1:30:30]} 57. Nf5 {[%clk 1:30:30]}
Rc1 {[%clk 1:30:30]} 58. Nd4 {[%clk 1:30:30]} Ka6 {[%clk 1:30:30]} 59. Nf5 {[%clk
1:30:30]} b6 {[%clk 1:30:30]} 60. Nd4 {[%clk 1:30:30]} Rc3 {[%clk 1:30:30]} 61.
Ne2 {[%clk 1:30:30]} Rc2 {[%clk 1:30:30]} 62. Nd4 {[%clk 1:30:30]} Rc7 {[%clk
1:30:30]} 63. Ne6 {[%clk 1:30:30]} Rc8 {[%clk 1:30:30]} 64. Nd4 {[%clk 1:30:30]}
1/2-1/2

[Event "8th Vellmar Chess Days"]
[Site "chess24.com"]
[Date "2016.07.31"]
[Round "6"]
[White "Rafiee, Kayvan"]
[Black "Reichelt, Ole"]
[Result "1/2-1/2"]
[Board "46"]
[WhiteElo "1843"]
[WhiteTeam "TG Wehlheiden"]
[WhiteCountry "GER"]
[WhiteFideId "4672879"]
[WhiteEloChange "-3"]
[BlackElo "1738"]
[BlackTeam "Hamelner SV"]
[BlackCountry "GER"]
[BlackFideId "12965073"]
[BlackEloChange "3"]

1. e4 {[%clk 1:30:30]} e6 {[%clk 1:30:30]} 2. d4 {[%clk 1:30:30]} d5 {[%clk
1:30:30]} 3. Nd2 {[%clk 1:30:30]} Nf6 {[%clk 1:30:30]} 4. Bd3 {[%clk 1:30:30]}
dxe4 {[%clk 1:30:30]} 5. Nxe4 {[%clk 1:30:30]} Nbd7 {[%clk 1:30:30]} 6. Qe2
{[%clk 1:30:30]} Nxe4 {[%clk 1:30:30]} 7. Bxe4 {[%clk 1:30:30]} Nf6 {[%clk
1:30:30]} 8. Bxb7 {[%clk 1:30:30]} Bxb7 {[%clk 1:30:30]} 9. Qb5+ {[%clk 1:30:30]}
Qd7 {[%clk 1:30:30]} 10. Qxb7 {[%clk 1:30:30]} Qd5 {[%clk 1:30:30]} 11. Qxd5
{[%clk 1:30:30]} Nxd5 {[%clk 1:30:30]} 12. a3 {[%clk 1:30:30]} Bd6 {[%clk
1:30:30]} 13. Ne2 {[%clk 1:30:30]} e5 {[%clk 1:30:30]} 14. O-O {[%clk 1:30:30]}
O-O {[%clk 1:30:30]} 15. c4 {[%clk 1:30:30]} Nf6 {[%clk 1:30:30]} 16. dxe5 {[%clk
1:30:30]} Bxe5 {[%clk 1:30:30]} 17. f4 {[%clk 1:30:30]} Bd6 {[%clk 1:30:30]} 18.
Nc3 {[%clk 1:30:30]} Bc5+ {[%clk 1:30:30]} 19. Kh1 {[%clk 1:30:30]} Ng4 {[%clk
1:30:30]} 20. h3 {[%clk 1:30:30]} Nf2+ {[%clk 1:30:30]} 21. Kh2 {[%clk 1:30:30]}
a5 {[%clk 1:30:30]} 22. Nd5 {[%clk 1:30:30]} c6 {[%clk 1:30:30]} 23. Be3 {[%clk
1:30:30]} Bxe3 {[%clk 1:30:30]} 24. Nxe3 {[%clk 1:30:30]} Nd3 {[%clk 1:30:30]}
25. Rab1 {[%clk 1:30:30]} Rfe8 {[%clk 1:30:30]} 26. Rf3 {[%clk 1:30:30]} 1/2-1/2